| 000 | 00346nam a22001217a 4500 | ||
|---|---|---|---|
| 020 | _a9971514265 | ||
| 082 |
_222 _a621.39521 |
||
| 100 | _aBalabanian, Norman and Carlson, Bradley. | ||
| 245 | _aDigital logic design principles / | ||
| 260 |
_aNew Delhi, _bWiley and Sons, _cc2002. |
||
| 300 |
_axiii, 373 p. ; _bill. ; _c23 cm. |
||
| 942 |
_2ddc _cECE _01 |
||
| 999 |
_c2015 _d2015 |
||